MARC details
| 000 -LEADER |
| fixed length control field |
01729cam a2200505 i 4500 |
| 001 - CONTROL NUMBER |
| control field |
comparativestudy00putn |
| 003 - CONTROL NUMBER IDENTIFIER |
| control field |
CaSfIA |
| 005 - DATE AND TIME OF LATEST TRANSACTION |
| control field |
20230525155235.0 |
| 007 - PHYSICAL DESCRIPTION FIXED FIELD--GENERAL INFORMATION |
| fixed length control field |
cr|||| |
| 008 - FIXED-LENGTH DATA ELEMENTS--GENERAL INFORMATION |
| fixed length control field |
751203s1976 njua b 001 0 eng |
| 010 ## - LIBRARY OF CONGRESS CONTROL NUMBER |
| LC control number |
75043604 |
| 040 ## - CATALOGING SOURCE |
| Original cataloging agency |
DLC |
| Transcribing agency |
DLC |
| Modifying agency |
FIL |
| -- |
MUQ |
| -- |
EL$ |
| -- |
BAKER |
| -- |
NLGGC |
| -- |
YDXCP |
| -- |
AU@ |
| -- |
NLE |
| -- |
CaSfIA |
| 020 ## - INTERNATIONAL STANDARD BOOK NUMBER |
| International Standard Book Number |
0131541951 : |
| Terms of availability |
$7.95 |
| 020 ## - INTERNATIONAL STANDARD BOOK NUMBER |
| International Standard Book Number |
9780131541955 |
| 035 ## - SYSTEM CONTROL NUMBER |
| System control number |
(OCoLC)1974216 |
| 050 00 - LIBRARY OF CONGRESS CALL NUMBER |
| Classification number |
JC330 |
| Item number |
.P88 |
| 082 00 - DEWEY DECIMAL CLASSIFICATION NUMBER |
| Classification number |
305.52 |
| Edition number |
21 |
| 084 ## - OTHER CLASSIFICATION NUMBER |
| Classification number |
71.12 |
| Number source |
bcl |
| 029 1# - OTHER SYSTEM CONTROL NUMBER (OCLC) |
| OCLC library identifier |
NLGGC |
| System control number |
760195595 |
| 029 1# - OTHER SYSTEM CONTROL NUMBER (OCLC) |
| OCLC library identifier |
NZ1 |
| System control number |
2817826 |
| 029 1# - OTHER SYSTEM CONTROL NUMBER (OCLC) |
| OCLC library identifier |
AU@ |
| System control number |
000000245576 |
| 029 1# - OTHER SYSTEM CONTROL NUMBER (OCLC) |
| OCLC library identifier |
UNITY |
| System control number |
065483650 |
| 029 1# - OTHER SYSTEM CONTROL NUMBER (OCLC) |
| OCLC library identifier |
LVT |
| System control number |
0131541951 |
| 029 1# - OTHER SYSTEM CONTROL NUMBER (OCLC) |
| OCLC library identifier |
HR0 |
| System control number |
0131541951 |
| 100 1# - MAIN ENTRY--PERSONAL NAME |
| Personal name |
Putnam, Robert D. |
| 245 14 - TITLE STATEMENT |
| Title |
The comparative study of political elites / |
| Medium |
[electronic resource] |
| Statement of responsibility, etc. |
Robert D. Putnam. |
| 260 ## - PUBLICATION, DISTRIBUTION, ETC. |
| Place of publication, distribution, etc. |
Englewood Cliffs, N.J. : |
| Name of publisher, distributor, etc. |
Prentice-Hall, |
| Date of publication, distribution, etc. |
c1976. |
| 300 ## - PHYSICAL DESCRIPTION |
| Extent |
x, 246 p. : |
| Other physical details |
ill. ; |
| Dimensions |
23 cm. |
| 490 0# - SERIES STATEMENT |
| Series statement |
Contemporary comparative politics series |
| 504 ## - BIBLIOGRAPHY, ETC. NOTE |
| Bibliography, etc. note |
Bibliography: p. 215-242. |
| 500 ## - GENERAL NOTE |
| General note |
Includes index. |
| 650 #7 - SUBJECT ADDED ENTRY--TOPICAL TERM |
| Topical term or geographic name entry element |
Pouvoir (sciences sociales). |
| Source of heading or term |
ram |
| 650 #7 - SUBJECT ADDED ENTRY--TOPICAL TERM |
| Topical term or geographic name entry element |
Classes dirigeantes. |
| Source of heading or term |
ram |
| 650 #0 - SUBJECT ADDED ENTRY--TOPICAL TERM |
| Topical term or geographic name entry element |
Elite (Social sciences) |
| 650 #0 - SUBJECT ADDED ENTRY--TOPICAL TERM |
| Topical term or geographic name entry element |
Power (Social sciences) |
| 650 #6 - SUBJECT ADDED ENTRY--TOPICAL TERM |
| Topical term or geographic name entry element |
Élite (Sciences sociales) |
| 650 #6 - SUBJECT ADDED ENTRY--TOPICAL TERM |
| Topical term or geographic name entry element |
Pouvoir (Sciences sociales) |
| 650 #4 - SUBJECT ADDED ENTRY--TOPICAL TERM |
| Topical term or geographic name entry element |
Poder (Ciencias sociales) |
| 650 #4 - SUBJECT ADDED ENTRY--TOPICAL TERM |
| Topical term or geographic name entry element |
Elite (Ciencias sociales) |
| 650 17 - SUBJECT ADDED ENTRY--TOPICAL TERM |
| Topical term or geographic name entry element |
Elites. |
| Source of heading or term |
gtt |
| 650 17 - SUBJECT ADDED ENTRY--TOPICAL TERM |
| Topical term or geographic name entry element |
Macht. |
| Source of heading or term |
gtt |
| 650 17 - SUBJECT ADDED ENTRY--TOPICAL TERM |
| Topical term or geographic name entry element |
Politieke aspecten. |
| Source of heading or term |
gtt |
| 856 41 - ELECTRONIC LOCATION AND ACCESS |
| Uniform Resource Identifier |
<a href="http://www.archive.org/details/comparativestudy00putn">http://www.archive.org/details/comparativestudy00putn</a> |
| Public note |
Free eBook from the Internet Archive |
| 856 42 - ELECTRONIC LOCATION AND ACCESS |
| Uniform Resource Identifier |
<a href="http://www.openlibrary.org/books/OL21313563M">http://www.openlibrary.org/books/OL21313563M</a> |
| Public note |
Additional information and access via Open Library |